000 00980cam a2200253 4500
001 ABS63453
008 000000n2001 000 0 eng u
035 _a(Sirsi) u110806
100 _aLane, M.
245 _aEurope's grey area
260 _c2001
490 _aBuilding
_v266(8166)
520 _aA look at the decision by the European Court of Justice that allowing state-aided bodies to take part in bids was not an infringement of European Union competition rules. Describes the implications of grant aid and observes that the arguments surrounding 'abnormally low offers' proved inconclusive and that further case law will be required to determine the legal definition of this term.
590 _aABS
650 _aCOMPETITION RULES
650 _aEUROPEAN COMPETITION LAWS
650 _aEUROPEAN COURT OF JUSTICE
650 _aEUROPEAN LAW
650 _aGRANT AID
650 _aProcurement-old
650 _aTENDERING
690 _aLAW-EUROPE
942 _n0
999 _c66056
_d66056